Mapas del N.E. de España [ (Record no. 97208)

MARC details
000 -LEADER
campo de control de longitud fija 00409nem a2200157 i 4500
001 - NÚMERO DE CONTROL
campo de control 97208
003 - IDENTIFICADOR DE NÚMERO DE CONTROL
campo de control ES-MaACL
005 - FECHA Y HORA DE LA ÚLTIMA TRANSACCIÓN
campo de control 20230906182047.0
007 - CAMPO FIJO DE DESCRIPCIÓN FÍSICA--INFORMACIÓN GENERAL
campo de control de longitud fija t|
008 - DATOS DE LONGITUD FIJA--INFORMACIÓN GENERAL
campo de control de longitud fija 050707s1824 fr | |0|1||spa d
245 00 - MENCIÓN DEL TÍTULO
Título Mapas del N.E. de España [
Medio Material cartográfico].
260 ## - PUBLICACIÓN, DISTRIBUCIÓN, ETC.
Lugar de publicación, distribución, etc. Paris :
Nombre del editor, distribuidor, etc. Depot de la guerre,
Fecha de publicación, distribución, etc. 1824.
300 ## - DESCRIPCIÓN FÍSICA
Otras características físicas 5 map. pleg.
500 ## - NOTA GENERAL
Nota general Texto francés.
852 ## - LOCALIZACIÓN
Ubicación ES-MaACL
Número de control de estantería G-6883
Holdings
Estatus retirado Estado de pérdida Estado de daño No para préstamo Biblioteca de origen Biblioteca actual Ubicación en estantería Fecha de adquisición Fuente de adquisición Total de préstamos Signatura topográfica completa Código de barras Visto por última vez Precio de reemplazo Tipo de ítem Koha
        Biblioteca del Ateneo de Madrid Biblioteca del Ateneo de Madrid Depósito 2 17/01/2008     G-6883 1101482 23/02/2023 23/02/2023 Mapa